00367 a2200109 4500082000800000100001900008245015700027250001200184260003500196300001000231500001600241 a361 aHRH Associates aSurvey of NGOs in the field of social services Pakistan.bVol-1 Directory of NGOs.Part IIcMinistry of Planning and Development Planning and Development aPart II aLahorebHRH Associates.c1989. a405p. aPaper cover